01256nam a2200337 a 4500001001200000003000800012006001900020007001500039008004100054010001700095020001500112020002200127040002100149035002100170050002300191082001200214100002200226245006600248260004400314300001400358490003100372504006400403533015200467650002100619650004300640655002900683710001700712830004600729856012600775999001700901ebr10017027CaPaEBRm u cr cn|||||||||940722s1995 enk sb 001 0 eng  z 94032685  z0415109507 z0415120756 (pbk.) aCaPaEBRcCaPaEBR a(OCoLC)17915016114aBT130b.H76 1995eb04a2122201 aHughes, Gerard J.14aThe nature of Godh[electronic resource] /cGerard J. Hughes. aLondon ;aNew York :bRoutledge,c1995. ax, 219 p.1 aThe problems of philosophy aIncludes bibliographical references (p. 212-215) and index. aElectronic reproduction.bPalo Alto, Calif. :cebrary,d2013.nAvailable via World Wide Web.nAccess may be limited to ebrary affiliated libraries. 0aGodxAttributes. 0aGodxAttributesxHistory of doctrines. 7aElectronic books.2local2 aebrary, Inc. 0aProblems of philosophy (Routledge (Firm))40uhttp://site.ebrary.com/lib/rucke/Doc?id=10017027zAn electronic book accessible through the World Wide Web; click to view c28859d28859